<?xml version="1.0" encoding="UTF-8"?>
<marc:record xmlns:marc="http://www.loc.gov/MARC21/slim">
   <marc:leader>00000nam a2200000 a 4500</marc:leader>
   <marc:datafield ind1="1" ind2=" " tag="100">
      <marc:subfield code="a">de Silva, Germán</marc:subfield>
   </marc:datafield>
   <marc:datafield ind1="1" ind2=" " tag="100">
      <marc:subfield code="a">Baudino, Germán</marc:subfield>
   </marc:datafield>
   <marc:datafield ind1="1" ind2=" " tag="100">
      <marc:subfield code="a">Paredes, Josefina</marc:subfield>
   </marc:datafield>
   <marc:datafield ind1="1" ind2=" " tag="100">
      <marc:subfield code="a">Saavedra, Catalina</marc:subfield>
   </marc:datafield>
   <marc:datafield ind1="1" ind2=" " tag="100">
      <marc:subfield code="a">Bargsted, Andrew</marc:subfield>
   </marc:datafield>
   <marc:datafield ind1="0" ind2="0" tag="245">
      <marc:subfield code="a">Marilyn</marc:subfield>
   </marc:datafield>
   <marc:datafield ind1="0" ind2="0" tag="245">
      <marc:subfield code="c">Schauspieler: Andrew Bargsted, Catalina Saavedra, Josefina Paredes, Germán Baudino, Germán de Silva, Walter Rodríguez, Rodolfo García Werner, Ignacio Giménez; Regie: Martín Rodríguez Redondo; Kamera: Guillermo Saposnik; Produktion: Paula Zyngierman; Monta</marc:subfield>
   </marc:datafield>
   <marc:datafield ind1=" " ind2="1" tag="264">
      <marc:subfield code="a">Potsdam</marc:subfield>
      <marc:subfield code="b">filmwerte GmbH</marc:subfield>
      <marc:subfield code="c">2022</marc:subfield>
   </marc:datafield>
   <marc:datafield ind1="1" ind2=" " tag="520">
      <marc:subfield code="a">Viel Abwechslung gibt es im Leben des jungen Marcos (17) als Farmerssohn im ländlichen Argentinien nicht. Der Alltag ist bestimmt durch Schule und den harten Viehbetrieb. Und obwohl Marcos seine Mutter zusätzlich nicht nur im Haushalt, sondern auch bei Handarbeiten und der Haarpflege unterstützt, gelten in seiner konservativen und homophoben Familie nur klare Geschlechterrollen: Frau und Mann.</marc:subfield>
   </marc:datafield>
   <marc:datafield ind1=" " ind2=" " tag="041">
      <marc:subfield code="a">spa</marc:subfield>
   </marc:datafield>
   <marc:datafield ind1=" " ind2=" " tag="300">
      <marc:subfield code="a">1 Online-Ressource (79 min), Bild: 1,85:1 HD</marc:subfield>
   </marc:datafield>
</marc:record>
